| 000 | 00325nam a22001337a 4500 | ||
|---|---|---|---|
| 003 | SGT | ||
| 082 |
_a617.632 _bT13C |
||
| 100 | _aCHOUDHARY, PANKAJ | ||
| 245 | _aTOOTH MOBILITY AND IMPLANT MOBILITY | ||
| 260 |
_aDELHI NCR _bSGT UNIVERSITY GURUGRAM _c2013 |
||
| 300 | _a1-81 | ||
| 650 | _aPERIODONTOLOGY | ||
| 942 |
_2ddc _cTH |
||
| 999 |
_c18525 _d18525 |
||